000 00652nam a22001815i 4500
001 171548
003 ES-MaACL
005 20230906214647.0
008 090519q1900 fr |||| | fre d
080 _a782.1
100 1 _aOrdonneau, Maurice.
_987185
245 1 4 _aLes saltimbanques :
_bopéra comique en trois actes et quatre tableaux /
_cMaurice Ordonneau ; musique de Louis Ganne.
260 _aParis :
_bLibrairie théâtrale,
_c[ca. 1900] (
_fImp. Billaudot)
300 _a87 p.) ;
_c19 cm.
650 4 _aÓperas-
_vLibretos.
_9137584
700 1 _aGanne, Louis.
_9138043
852 4 _aES-MaACL
_jE-12653
_z- Biblioteca Jacinto Martínez Lacalle
999 _c171548
_d171548